Biggest Trading Partners: Kenya - Statistics

General Stats
  • This quiz has been taken 88 times
  • The average score is 21 of 28
Answer Stats
Type Rank Country Value Percent % Correct
Exports 5 United Kingdom $433M 6.53%
96%
Exports 8 China $232M 3.50%
95%
Exports 3 United States $527M 7.95%
95%
Exports 14 Germany $126M 1.91%
92%
Exports 18 France $95.0M 1.43%
91%
Exports 16 India $111M 1.68%
91%
Imports 6 South Africa $847M 4.31%
91%
Exports 21 Italy $69.3M 1.05%
89%
Exports 7 Tanzania $291M 4.40%
89%
Exports 9 Egypt $215M 3.24%
87%
Exports 4 Netherlands $511M 7.71%
79%
Exports 17 Saudi Arabia $104M 1.57%
79%
Exports 6 United Arab Emirates $350M 5.28%
79%
Exports 11 Democratic Republic of the Congo $150M 2.26%
77%
Imports 5 Japan $944M 4.80%
77%
Exports 19 Russia $88.7M 1.34%
76%
Exports 1 Uganda $643M 9.70%
76%
Exports 12 Somalia $149M 2.24%
71%
Imports 16 South Korea $249M 1.27%
71%
Exports 10 Rwanda $176M 2.65%
69%
Imports 23 Turkey $229M 1.17%
69%
Exports 22 Belgium-Luxembourg $68.6M 1.03%
67%
Imports 11 Indonesia $387M 1.97%
61%
Exports 2 Pakistan $575M 8.68%
55%
Imports 18 Malaysia $246M 1.25%
48%
Exports 20 Thailand $76.3M 1.11%
45%
Exports 13 South Sudan $128M 1.93%
39%
Exports 15 Afghanistan $117M 1.77%
7%
No matching quizzes found
Score Distribution
Percent of People with Each Score
Percentile by Number Answered
Your Score History
You have not taken this quiz